| 000 | 01194cam a22001694a 4500 | ||
|---|---|---|---|
| 005 | 20250605163700.0 | ||
| 008 | 250528s ||||||||||||||||||||||||d | ||
| 035 | _a24221 | ||
| 040 |
_aGR-AtMCL _bgre _dGR-AtMCL _eAACR2 |
||
| 245 | 1 | _aΗ Ευρωπαϊκή Κοινότητα στη Δεκαετία του 1990 | |
| 260 |
_bΔιοικητική Μονάδα 'Εκδόσεις' _bΟπτικοακουστικός Τομέας, Πληροφόρηση, Επικοινωνία Και Πολιτιστικά Θέματα, _c1991 |
||
| 300 | _a8 | ||
| 520 | _aΕνότητα παρά τις Διαφορές, Από την Ενιαία Πράξη στην Ενιαία Αγορά, ΟΝΕ και Πολιτική Ένωση, Άποψη των Ευρωπαίων σχετικά με το Ενιαίο Νόμισμα, Η Ευρώπη ως Παγκόσμιος Εταίρος, Διεύρυνση, Ο Κοινωνικός Χάρτης, Θεσμική Ισορροπία, Η Σύνθεση του Ecu στις 8 Ιανουαρίου 1990 - Ποσοστιαία Συμμετοχή Κάθε Νομίσματος στο Καλάθι. | ||
| 942 | _cCR | ||
| 999 |
_c9114 _d9114 |
||